[Event "World Senior chT-65 2019"]
[Site "Rhodes"]
[Date "2019.04.23"]
[Round "8.27"]
[White "Van Herck, Marcel"]
[Black "Stokes, Michael"]
[Result "1/2-1/2"]
[WhiteElo "2066"]
[BlackElo "2092"]
[Annotator "NA RC"]
[PlyCount "74"]
[EventDate "2019.04.16"]
[EventType "team-tourn"]
[EventCountry "GRE"]
[SourceTitle "playchess.com"]
[Source "ChessBase"]
[SourceQuality "1"]
[WhiteTeam "Belgium"]
[BlackTeam "England"]
[WhiteTeamCountry "BEL"]
[BlackTeamCountry "ENG"]
[TimeControl "40/5400+30:1800+30"]

1. e4 {[%emt 0:03:56]} e5 {[%emt 0:00:00]} 2. Nf3 {[%emt 0:00:04]} Nc6 {[%emt 0:00:00]} 3. Bb5 {[%emt 0:00:02]} a6 {[%emt 0:00:00]} 4. Ba4 {[%emt 0:00:02]} Nf6 {[%emt 0:00:00]} 5. O-O {[%emt 0:00:03]} Be7 {[%emt 0:00:18]} 6. Bxc6 {[%emt 0:01:41]} bxc6 {[%emt 0:00:35]} 7. Nxe5 {[%emt 0:09:04] C85: Closed Ruy Lopez: Deferred Exchange Variation} (7. Re1 d6 8. d4 exd4 9. Nxd4 c5 10. Nc6 Qd7 11. Nxe7 Qxe7 12. Nc3 O-O 13. Bf4 Be6 14. e5 Ne8 15. Qd2 Rb8 16. b3 {½-½ (54) Farkas,T (2313)-Fule,S (2180) Budapest 2019}) 7... Nxe4 {[%emt 0:00:51]} 8. Re1 {[%emt 0:15:22]} Nf6 {[%emt 0:01:14]} 9. Qe2 {[%emt 0:01:06]} c5 {[%emt 0:07:52]} 10. Nc3 $146 {[%emt 0:05:21]} ({Predecessor:} 10. Nd3 d6 11. b3 Bb7 12. Bb2 Qd7 13. Na3 O-O-O 14. Qxe7 Qg4 {0-1 (25) Poormosavi,S (2086)-Jahedi,M (1951) Teheran 2016}) 10... Bb7 {[%emt 0:01:39]} 11. d3 {[%emt 0:02:23]} O-O {[%emt 0:02:08]} 12. Ng6 {[%emt 0:04:21]} fxg6 {[%emt 0:05:02]} 13. Qxe7 {[%emt 0:00:08]} Ng4 {[%emt 0:04:46]} 14. Qxd8 {[%emt 0:00:21]} Raxd8 {[%emt 0:00:07]} 15. f3 {[%emt 0:01:45]} Nf6 {[%emt 0:00:45]} 16. Bg5 {[%emt 0:04:48]} Rde8 {[%emt 0:02:30]} 17. Ne4 {[%emt 0:09:23]} Nxe4 {[%emt 0:03:24]} 18. fxe4 {[%emt 0:00:16]} c4 {[%emt 0:03:41]} 19. Rf1 {[%emt 0:04:28]} Rxf1+ {[%emt 0:03:33]} 20. Kxf1 {[%emt 0:00:42]} d5 {[%emt 0:04:54]} 21. exd5 {[%emt 0:07:09]} Bxd5 {[%emt 0:00:42]} 22. g3 $11 {[%emt 0:01:37]} a5 {[%emt 0:06:16]} 23. b3 {[%emt 0:05:21]} cxd3 {[%emt 0:04:41]} 24. cxd3 {[%emt 0:00:18]} Ra8 {[%emt 0:03:54]} 25. Bf4 {[%emt 0:02:19]} c6 {[%emt 0:02:05]} 26. Ke2 {[%emt 0:00:26]} a4 {[%emt 0:00:51]} 27. bxa4 {[%emt 0:00:05]} Rxa4 {[%emt 0:00:12]} 28. a3 {[%emt 0:00:10]} Kf7 {[%emt 0:08:26]} 29. Bd6 {[%emt 0:00:35]} Ke6 {[%emt 0:03:13]} 30. Bb4 {[%emt 0:02:23]} g5 {[%emt 0:01:53]} 31. Rf1 {[%emt 0:02:16]} Ra7 {[%emt 0:03:55]} 32. Ke3 {[%emt 0:00:39]} g4 {[%emt 0:04:47]} 33. Rf8 {[%emt 0:00:23]} Bf3 {[%emt 0:03:57]} 34. Re8+ {[%emt 0:00:58]} Kf7 {[%emt 0:01:45]} 35. Rf8+ {[%emt 0:00:37]} Ke6 {[%emt 0:00:34]} 36. Re8+ {[%emt 0:08:54]} Kf7 {[%emt 0:00:15]} 37. Rf8+ {[%emt 0:00:09]} Ke6 {[%emt 0:00:09] Ke4 [%clk 00:08:10] [%emt 00:00:42] Ke5+ [%clk 00:17:36]} 1/2-1/2

[Event "World Senior chT-65 2019"]
[Site "Rhodes"]
[Date "2019.04.23"]
[Round "8.28"]
[White "Hewson, Brian W R"]
[Black "Schrickx, Frank"]
[Result "1-0"]
[WhiteElo "2004"]
[BlackElo "1823"]
[Annotator "NA RC"]
[PlyCount "129"]
[EventDate "2019.04.16"]
[EventType "team-tourn"]
[EventCountry "GRE"]
[SourceTitle "playchess.com"]
[Source "ChessBase"]
[SourceQuality "1"]
[WhiteTeam "England"]
[BlackTeam "Belgium"]
[WhiteTeamCountry "ENG"]
[BlackTeamCountry "BEL"]
[TimeControl "40/5400+30:1800+30"]

1. Nf3 {[%emt 0:00:00]} d5 {[%emt 0:00:21]} 2. d4 {[%emt 0:00:22]} Nf6 {[%emt 0:00:09]} 3. g3 {[%emt 0:03:44]} e6 {[%emt 0:01:37]} 4. Bg2 {[%emt 0:00:17]} c6 {[%emt 0:02:07]} 5. O-O {[%emt 0:00:09]} Nbd7 {[%emt 0:01:18]} 6. b3 {[%emt 0:03:25]} Bd6 {[%emt 0:01:49]} 7. Bb2 {[%emt 0:00:10]} Qc7 {[%emt 0:01:52]} 8. c4 {[%emt 0:00:39]} O-O {[%emt 0:09:30]} 9. Nc3 {[%emt 0:09:50] E01: Catalan: Early deviations} Re8 {[%emt 0:01:07]} 10. Rc1 {[%emt 0:00:59]} Bf8 {[%emt 0:01:57]} (10... a6 11. Nd2 Bf8 12. cxd5 exd5 13. Nxd5 Nxd5 14. Bxd5 Qa5 15. Bf3 Nf6 16. Nc4 Qd8 {1-0 (39) Horvath,J (2542)-Schachinger,M (2336) Austria 2008}) 11. Qc2 {[%emt 0:15:07]} Qb8 $146 {[%emt 0:03:14]} ({Predecessor:} 11... b6 12. Rfe1 Bb7 13. cxd5 exd5 14. Ng5 Qd6 15. e4 dxe4 16. Ncxe4 Nxe4 17. Nxe4 {½-½ (35) Ribeiro,V (1917)-Martins,R (2005) Brasilia 2012}) 12. e3 {[%emt 0:09:09]} h6 {[%emt 0:09:12]} 13. Rfd1 {[%emt 0:03:33]} Bb4 {[%emt 0:09:21]} 14. Ne2 {[%emt 0:08:23]} Ne4 {[%emt 0:16:12]} 15. a3 {[%emt 0:03:08]} Ba5 {[%emt 0:00:29]} 16. Ne1 {[%emt 0:04:30]} Bxe1 {[%emt 0:03:05]} 17. Rxe1 {[%emt 0:00:06]} f5 {[%emt 0:03:58]} 18. f3 {[%emt 0:05:41]} Nd6 {[%emt 0:04:39]} 19. Nf4 {[%emt 0:05:21]} Nf6 {[%emt 0:01:29]} 20. Nd3 {[%emt 0:00:23]} Nf7 {[%emt 0:01:31]} 21. Re2 {[%emt 0:07:11]} Nd6 {[%emt 0:08:16]} 22. Ne5 {[%emt 0:01:06]} Rd8 {[%emt 0:05:46]} 23. Ree1 {[%emt 0:01:22]} Nf7 {[%emt 0:01:04]} 24. Nxf7 {[%emt 0:00:39]} Kxf7 {[%emt 0:00:03]} 25. e4 {[%emt 0:00:29]} Qc7 {[%emt 0:01:34]} (25... b5 $16 26. cxd5 cxd5) 26. cxd5 {[%emt 0:02:02]} exd5 {[%emt 0:01:37]} 27. exf5 {[%emt 0:00:06]} Bd7 {[%emt 0:00:51]} 28. Re2 {[%emt 0:02:51]} Re8 {[%emt 0:00:25]} 29. Rce1 {[%emt 0:00:15]} Qb6 {[%emt 0:01:08]} 30. g4 {[%emt 0:00:22]} Rxe2 {[%emt 0:00:26]} 31. Rxe2 {[%emt 0:00:16]} Re8 {[%emt 0:00:15]} 32. Rxe8 {[%emt 0:01:40]} Kxe8 {[%emt 0:00:17]} 33. b4 {[%emt 0:02:06]} Kf7 {[%emt 0:01:09]} 34. Bf1 {[%emt 0:00:40]} a6 {[%emt 0:01:15]} 35. Bd3 {[%emt 0:00:44]} Qc7 {[%emt 0:00:30]} 36. Bc1 {[%emt 0:00:17]} Qd6 {[%emt 0:00:39]} 37. Qd2 {[%emt 0:01:11]} Qf8 {[%emt 0:00:57]} 38. Qf4 {[%emt 0:00:43]} Qe7 {[%emt 0:00:27]} 39. Qe5 {[%emt 0:00:18]} Ne8 {[%emt 0:00:44]} 40. Qxe7+ {[%emt 0:00:00]} Kxe7 {[%emt 0:00:00]} 41. Bf4 {[%emt 0:02:57]} Nd6 {[%emt 0:00:53]} 42. Be5 {[%emt 0:00:57]} Ne8 {[%emt 0:00:24]} 43. Kf2 {[%emt 0:01:15]} Kf7 {[%emt 0:00:25]} 44. Kg3 {[%emt 0:00:26]} Nf6 {[%emt 0:00:43]} 45. h4 {[%emt 0:01:38]} Nh7 {[%emt 0:00:25]} 46. Kf4 {[%emt 0:00:52]} Bc8 {[%emt 0:00:32]} 47. g5 {[%emt 0:03:01]} hxg5+ {[%emt 0:00:24]} 48. hxg5 {[%emt 0:00:06]} Nf8 {[%emt 0:00:14]} 49. Bd6 {[%emt 0:04:44]} Nd7 {[%emt 0:00:04]} 50. Kg3 {[%emt 0:01:21]} Nb6 {[%emt 0:00:15]} 51. g6+ {[%emt 0:02:06]} Kg8 {[%emt 0:00:22]} 52. Be5 {[%emt 0:01:13]} Na4 {[%emt 0:02:39]} 53. f6 {[%emt 0:01:33]} gxf6 {[%emt 0:00:08]} 54. Bxf6 {[%emt 0:00:05]} Nb2 {[%emt 0:01:24]} 55. Bc2 {[%emt 0:05:21]} b5 {[%emt 0:00:29]} 56. Kf4 {[%emt 0:01:28]} Nc4 {[%emt 0:00:30]} 57. Kg5 {[%emt 0:01:24]} Nxa3 {[%emt 0:00:27]} 58. Bd3 {[%emt 0:00:24]} Nc4 {[%emt 0:00:42]} 59. g7 $18 {[%emt 0:07:01]} Nd6 {[%emt 0:01:36]} 60. Be5 {[%emt 0:00:46]} Nf7+ {[%emt 0:00:32]} 61. Kf6 {[%emt 0:00:49]} Nh6 {[%emt 0:00:48]} 62. Bg6 {[%emt 0:00:37]} a5 {[%emt 0:01:56]} 63. bxa5 {[%emt 0:00:21]} b4 {[%emt 0:00:03]} 64. Bf4 {[%emt 0:00:29]} Ng4+ {[%emt 0:00:23]} 65. fxg4 {[%emt 0:00:15]} 1-0

[Event "World Senior chT-65 2019"]
[Site "Rhodes"]
[Date "2019.04.23"]
[Round "8.29"]
[White "Baruch, Andrew J D"]
[Black "Pedersen, Svend"]
[Result "1/2-1/2"]
[WhiteElo "2039"]
[BlackElo "2178"]
[Annotator "TA"]
[PlyCount "33"]
[EventDate "2019.04.16"]
[EventType "team-tourn"]
[EventCountry "GRE"]
[SourceTitle "playchess.com"]
[Source "ChessBase"]
[SourceQuality "1"]
[WhiteTeam "England"]
[BlackTeam "Denmark"]
[WhiteTeamCountry "ENG"]
[BlackTeamCountry "DEN"]

{[%evp 17,33,44,61,0,0,0,3,-10,37,32,52,22,21,14,58,53,58,59]} 1. e4 d6 2. d4 g6 3. Nc3 Bg7 4. Be3 c6 5. a4 Nd7 6. Nf3 Ngf6 7. Be2 O-O 8. O-O e5 9. dxe5 dxe5 10. Bc4 {B08: Pirc Defence: Classical System} (10. Qd6 $14) (10. Nd2 Qe7 11. Nc4 Ne8 12. a5 Nc5 13. Nd6 Nxd6 14. Bxc5 Rd8 15. Qd3 Be6 16. Rfd1 Bf8 17. Qe3 a6 18. Na4 Qf6 {½-½ (45) Guseinov,G (2646)-Onischuk,V (2637) Riadh 2017}) 10... Qe7 $1 $11 11. Nd2 $146 ({Predecessor:} 11. h3 Nc5 12. Nd2 Rd8 13. Qe2 Nh5 14. Rfd1 Ne6 15. Bxe6 Bxe6 16. Nb3 Nf4 17. Qf3 Bxb3 18. cxb3 Ne6 19. Qe2 Nd4 20. Qc4 {½-½ (52) Simonian,H (2468)-Kusnetsov,S (2305) Alushta 2011}) 11... Nc5 12. f3 {The position is equal.} a5 13. Qe1 Be6 14. Qf2 Nfd7 15. Rad1 Na6 16. Bxe6 Qxe6 17. Nb3 1/2-1/2

[Event "World Senior chT-65 2019"]
[Site "Rhodes"]
[Date "2019.04.23"]
[Round "8.30"]
[White "Holst, Per"]
[Black "Reuben, Stewart"]
[Result "1/2-1/2"]
[WhiteElo "2150"]
[BlackElo "1974"]
[Annotator "TA"]
[PlyCount "34"]
[EventDate "2019.04.16"]
[EventType "team-tourn"]
[EventCountry "GRE"]
[SourceTitle "playchess.com"]
[Source "ChessBase"]
[SourceQuality "1"]
[WhiteTeam "Denmark"]
[BlackTeam "England"]
[WhiteTeamCountry "DEN"]
[BlackTeamCountry "ENG"]

{[%evp 9,34,2,12,-6,-12,-22,-21,-11,-11,-4,12,0,0,-17,0,-19,-14,-20,-24,-27,-18,-21,-22,-29,-21,-52,-46]} 1. d4 Nf6 2. c4 e6 3. Nc3 Bb4 4. e3 O-O 5. Nge2 d5 6. cxd5 {E46: Nimzo-Indian: Rubinstein: 4 e3 0-0 5 Ne2 without early Bd3} (6. a3 Be7 7. Nf4 c6 8. Be2 Nbd7 9. cxd5 exd5 10. O-O Re8 11. b4 a6 12. f3 Bd6 13. Nd3 Qc7 14. f4 Ne4 15. Nxe4 Rxe4 16. Ne5 {0-1 (42) Caruana,F (2822)-Aronian,L (2767) chess.com INT 2018}) 6... exd5 7. Nf4 c6 8. Bd3 {The position is equal.} Bd6 9. O-O Qc7 $146 ({Predecessor:} 9... a5 10. f3 Bxf4 11. exf4 b6 12. f5 Ne8 13. g4 Nd6 14. Bf4 Ba6 15. Ne2 Bxd3 16. Qxd3 Na6 {½-½ (42) Serarols Mabras,B (2094)-Ekeberg,C (2294) Barcelona 2014}) 10. h3 Re8 11. Qf3 Nbd7 {[%cal Bb8d7,Bd7f8,Bf8e6][%mdl 32]} 12. Bd2 Nf8 13. Nh5 Nxh5 14. Qxh5 g6 15. Qf3 f5 16. Rac1 Qf7 17. Na4 Ne6 {Accuracy: White = 15%, Black = 74%.} 1/2-1/2

[Event "World Senior chT-65 2019"]
[Site "Rhodes"]
[Date "2019.04.23"]
[Round "8.31"]
[White "Valentine, Brian J"]
[Black "Hvenekilde, Jorgen"]
[Result "1/2-1/2"]
[WhiteElo "1954"]
[BlackElo "2046"]
[Annotator "NA"]
[PlyCount "32"]
[EventDate "2019.04.16"]
[EventType "team-tourn"]
[EventCountry "GRE"]
[SourceTitle "playchess.com"]
[Source "ChessBase"]
[SourceQuality "1"]
[WhiteTeam "England"]
[BlackTeam "Denmark"]
[WhiteTeamCountry "ENG"]
[BlackTeamCountry "DEN"]
[TimeControl "40/5400+30:1800+30"]

1. e4 {[%emt 0:00:00]} e5 {[%emt 0:00:00]} 2. Nf3 {[%emt 0:00:00]} d6 {[%emt 0:00:00]} 3. d4 {[%emt 0:00:04]} exd4 {[%emt 0:00:12]} 4. Qxd4 {[%emt 0:00:19]} a6 {[%emt 0:00:26]} 5. Bf4 {[%emt 0:01:38]} Nc6 {[%emt 0:00:29]} 6. Qd2 {[%emt 0:00:08]} Be7 {[%emt 0:02:36]} 7. Nc3 {[%emt 0:01:03]} Nf6 {[%emt 0:00:09]} 8. O-O-O {[%emt 0:05:46]} O-O {[%emt 0:00:25]} 9. Bd3 {[%emt 0:02:21]} Nd7 {[%emt 0:05:54]} 10. Nd5 {[%emt 0:04:33]} Nce5 {[%emt 0:00:23]} 11. Nxe5 {[%emt 0:00:22]} dxe5 {[%emt 0:01:37]} 12. Nxe7+ {[%emt 0:01:00]} Qxe7 {[%emt 0:00:09]} 13. Bg3 {[%emt 0:04:45]} Nc5 {[%emt 0:06:10]} 14. Qc3 {[%emt 0:00:21]} Nxd3+ {[%emt 0:10:54]} 15. Rxd3 {[%emt 0:00:08]} f6 {[%emt 0:00:36]} 16. f3 {[%emt 0:03:06]} Be6 {[%emt 0:02:37]} 1/2-1/2

[Event "World Senior chT-65 2019"]
[Site "Rhodes"]
[Date "2019.04.23"]
[Round "8.32"]
[White "Grevlund, Per"]
[Black "Thynne, Trefor F"]
[Result "1/2-1/2"]
[WhiteElo "1998"]
[BlackElo "1907"]
[Annotator "NA RC"]
[PlyCount "26"]
[EventDate "2019.04.16"]
[EventType "team-tourn"]
[EventCountry "GRE"]
[SourceTitle "playchess.com"]
[Source "ChessBase"]
[SourceQuality "1"]
[WhiteTeam "Denmark"]
[BlackTeam "England"]
[WhiteTeamCountry "DEN"]
[BlackTeamCountry "ENG"]
[TimeControl "40/5400+30:1800+30"]

1. e4 {[%emt 0:00:00]} c5 {[%emt 0:00:00]} 2. c3 {[%emt 0:00:00]} d5 {[%emt 0:00:00]} 3. exd5 {[%emt 0:00:00]} Qxd5 {[%emt 0:00:00]} 4. d4 {[%emt 0:00:01]} Nf6 {[%emt 0:00:20]} 5. Nf3 {[%emt 0:00:24]} Bg4 {[%emt 0:00:53]} 6. Be2 {[%emt 0:00:59]} cxd4 {[%emt 0:03:33]} 7. cxd4 {[%emt 0:00:22]} e6 {[%emt 0:01:23]} 8. Nc3 {[%emt 0:01:23]} Qd8 {[%emt 0:01:56]} 9. O-O {[%emt 0:01:11]} Nc6 {[%emt 0:03:16]} 10. Be3 {[%emt 0:05:55]} Be7 {[%emt 0:00:25]} 11. Qb3 {[%emt 0:04:00]} Rb8 {[%emt 0:28:12]} 12. Rfd1 {[%emt 0:02:37]} Nd5 {[%emt 0:08:16]} 13. Nxd5 {[%emt 0:03:07]} Qxd5 {[%emt 0:08:36]} 1/2-1/2

[Event "World Senior chT-65 2019"]
[Site "Rhodes"]
[Date "2019.04.23"]
[Round "8.33"]
[White "Andersson, Kaj"]
[Black "Jones, Iolo C"]
[Result "0-1"]
[WhiteElo "2030"]
[BlackElo "2187"]
[Annotator "ChessBase"]
[PlyCount "204"]
[EventDate "2019.04.16"]
[EventType "team-tourn"]
[EventCountry "GRE"]
[SourceTitle "playchess.com"]
[Source "ChessBase"]
[SourceQuality "1"]
[WhiteTeam "Sweden"]
[BlackTeam "Wales"]
[WhiteTeamCountry "SWE"]
[BlackTeamCountry "WLS"]
[TimeControl "40/5400+30:1800+30"]

1. e4 {[%emt 0:00:00]} e5 {[%emt 0:00:00]} 2. Nf3 {[%emt 0:00:00]} Nf6 {[%emt 0:00:07]} 3. Nxe5 {[%emt 0:00:00]} d6 {[%emt 0:00:15]} 4. Nf3 {[%emt 0:00:03]} Nxe4 {[%emt 0:00:17]} 5. d4 {[%emt 0:00:10]} d5 {[%emt 0:00:28]} 6. Bd3 {[%emt 0:00:08]} Nc6 {[%emt 0:01:01]} 7. O-O {[%emt 0:00:27]} Be7 {[%emt 0:01:00]} 8. c4 {[%emt 0:02:00]} Nf6 {[%emt 0:04:07]} 9. Nc3 {[%emt 0:02:24]} Nb4 {[%emt 0:02:48]} 10. Bg5 {[%emt 0:02:23]} Nxd3 {[%emt 0:01:40]} 11. Qxd3 {[%emt 0:00:17]} dxc4 {[%emt 0:02:01]} 12. Qxc4 {[%emt 0:00:15]} c6 {[%emt 0:02:52]} 13. Bxf6 {[%emt 0:02:50]} Bxf6 {[%emt 0:01:37]} 14. Rfe1+ {[%emt 0:00:20]} Be6 {[%emt 0:02:30]} 15. d5 {[%emt 0:06:21]} cxd5 {[%emt 0:01:59]} 16. Nxd5 {[%emt 0:01:49]} O-O {[%emt 0:02:29]} 17. Nxf6+ {[%emt 0:04:24]} Qxf6 {[%emt 0:01:48]} 18. Qd4 {[%emt 0:00:43]} Qxd4 {[%emt 0:03:18]} 19. Nxd4 {[%emt 0:00:03]} Bd5 {[%emt 0:01:48]} 20. Nf5 {[%emt 0:03:54]} Be6 {[%emt 0:06:37]} 21. Nd4 {[%emt 0:00:15]} Bd7 {[%emt 0:02:23]} 22. f3 {[%emt 0:05:32]} Rfd8 {[%emt 0:10:30]} 23. Rac1 {[%emt 0:03:08]} Rac8 {[%emt 0:01:08]} 24. Kf2 {[%emt 0:01:24]} Kf8 {[%emt 0:01:55]} 25. a3 {[%emt 0:03:11]} a6 {[%emt 0:01:02]} 26. Rxc8 {[%emt 0:03:21]} Rxc8 {[%emt 0:00:55]} 27. g3 {[%emt 0:02:19]} Rc5 {[%emt 0:01:50]} 28. Ke3 {[%emt 0:02:29]} Ke7 {[%emt 0:02:53]} 29. Rd1 {[%emt 0:02:34]} Re5+ {[%emt 0:03:18]} 30. Kd3 {[%emt 0:01:25]} Bb5+ {[%emt 0:02:31]} 31. Nxb5 {[%emt 0:02:09]} Rxb5 {[%emt 0:00:18]} 32. Re1+ {[%emt 0:01:39]} Kd6 {[%emt 0:01:53]} 33. Kc3 {[%emt 0:00:36]} Rc5+ {[%emt 0:01:49]} 34. Kd3 {[%emt 0:00:44]} Rd5+ {[%emt 0:04:26]} 35. Kc3 {[%emt 0:00:57]} g5 {[%emt 0:00:57]} 36. Re8 {[%emt 0:00:46]} Rf5 {[%emt 0:01:20]} 37. Rd8+ {[%emt 0:03:17]} Kc5 {[%emt 0:02:42]} 38. Rd3 {[%emt 0:00:21]} h5 {[%emt 0:03:16]} 39. Re3 {[%emt 0:02:36]} h4 {[%emt 0:05:20]} 40. g4 {[%emt 0:00:00]} Rf4 {[%emt 0:00:00]} 41. b4+ {[%emt 0:06:29]} Kd5 {[%emt 0:01:47]} 42. Rd3+ {[%emt 0:01:10]} Kc6 {[%emt 0:04:26]} 43. h3 {[%emt 0:02:38]} f5 {[%emt 0:02:36]} 44. Kd2 {[%emt 0:02:30]} fxg4 {[%emt 0:00:35]} 45. fxg4 {[%emt 0:00:17]} b6 {[%emt 0:02:44]} 46. Ke2 {[%emt 0:01:01]} a5 {[%emt 0:00:58]} 47. bxa5 {[%emt 0:00:17]} bxa5 {[%emt 0:00:16]} 48. Rd8 {[%emt 0:03:11]} Re4+ {[%emt 0:03:57]} 49. Kf2 {[%emt 0:02:00]} Kc5 {[%emt 0:02:29]} 50. Rd3 {[%emt 0:07:56]} Re5 {[%emt 0:04:35]} 51. Rf3 {[%emt 0:04:40]} a4 {[%emt 0:03:11]} 52. Rc3+ {[%emt 0:05:52]} Kd4 {[%emt 0:01:01]} 53. Rc8 {[%emt 0:01:41]} Rc5 {[%emt 0:02:19]} 54. Ra8 {[%emt 0:13:36]} Rc2+ {[%emt 0:01:27]} 55. Kg1 {[%emt 0:02:45]} Ke3 {[%emt 0:00:13]} 56. Rxa4 {[%emt 0:00:26]} Kf3 {[%emt 0:00:49]} 57. Rb4 {[%emt 0:00:16]} Rc3 {[%emt 0:00:46]} 58. Kh2 {[%emt 0:01:48]} Rxa3 {[%emt 0:00:25]} 59. Rb5 {[%emt 0:02:59]} Ra2+ {[%emt 0:00:43]} 60. Kh1 {[%emt 0:01:05]} Re2 {[%emt 0:01:19]} 61. Kg1 {[%emt 0:02:47]} Rg2+ {[%emt 0:02:08]} 62. Kh1 {[%emt 0:00:20]} Re2 {[%emt 0:01:11]} 63. Kg1 {[%emt 0:00:19]} Kf4 {[%emt 0:01:04]} 64. Ra5 {[%emt 0:03:00]} Re5 {[%emt 0:00:52]} 65. Ra8 {[%emt 0:02:06]} Kf3 {[%emt 0:03:25]} 66. Ra7 {[%emt 0:04:16]} Re2 {[%emt 0:01:36]} 67. Ra8 {[%emt 0:01:19]} Rd2 {[%emt 0:03:58]} 68. Ra3+ {[%emt 0:00:59]} Ke2 {[%emt 0:01:35]} 69. Ra8 {[%emt 0:02:07]} Rd3 {[%emt 0:02:40]} 70. Kh2 {[%emt 0:00:42]} Rd2 {[%emt 0:03:07]} 71. Kg1 {[%emt 0:00:39]} Ke3 {[%emt 0:00:37]} 72. Ra7 {[%emt 0:00:23]} Re2 {[%emt 0:00:34]} 73. Ra8 {[%emt 0:01:35]} Kf3 {[%emt 0:00:38]} 74. Ra7 {[%emt 0:00:25]} Rg2+ {[%emt 0:01:36]} 75. Kh1 {[%emt 0:00:03]} Rf2 {[%emt 0:00:30]} 76. Ra3+ {[%emt 0:00:17]} Kf4 {[%emt 0:00:33]} 77. Ra5 {[%emt 0:02:11]} Kg3 {[%emt 0:01:09]} 78. Kg1 {[%emt 0:02:22]} Rf3 {[%emt 0:00:43]} 79. Rxg5 {[%emt 0:00:15]} Kxh3 {[%emt 0:00:27]} 80. Rg8 {[%emt 0:00:05]} Kg3 {[%emt 0:00:32]} 81. g5 {[%emt 0:00:38]} h3 {[%emt 0:00:40]} 82. Rh8 {[%emt 0:00:13]} Ra3 {[%emt 0:01:13]} 83. Kf1 {[%emt 0:00:23]} Ra1+ {[%emt 0:02:30]} 84. Ke2 {[%emt 0:00:02]} Ra6 {[%emt 0:01:03]} 85. Ke3 {[%emt 0:01:23]} Rg6 {[%emt 0:00:25]} 86. Rh5 {[%emt 0:00:28]} Kg4 {[%emt 0:00:20]} 87. Rh8 {[%emt 0:00:20]} Kg3 {[%emt 0:01:03]} 88. Rh5 {[%emt 0:00:05]} Re6+ {[%emt 0:00:19]} 89. Kd4 {[%emt 0:00:08]} Kg4 {[%emt 0:00:13]} 90. Rh8 {[%emt 0:00:19]} Rg6 {[%emt 0:00:37]} 91. Ke3 {[%emt 0:00:37]} Kg3 {[%emt 0:00:21]} 92. Rh5 {[%emt 0:00:06]} Re6+ {[%emt 0:00:29]} 93. Kd4 {[%emt 0:00:04]} Kg4 {[%emt 0:00:20]} 94. Rh8 {[%emt 0:00:15]} Rg6 {[%emt 0:00:16]} 95. Ke3 {[%emt 0:00:05]} Ra6 {[%emt 0:00:47]} 96. Ke4 {[%emt 0:00:38]} Re6+ {[%emt 0:01:01]} 97. Kd5 {[%emt 0:00:13]} Rg6 {[%emt 0:00:15]} 98. Ke4 {[%emt 0:00:36]} Rxg5 {[%emt 0:00:10]} 99. Ra8 {[%emt 0:00:39]} Rg7 {[%emt 0:00:23]} 100. Ke3 {[%emt 0:00:27]} h2 {[%emt 0:00:33]} 101. Ra1 {[%emt 0:01:17]} Kg3 {[%emt 0:00:10]} 102. Ke2 {[%emt 0:00:25]} Rh7 {[%emt 0:00:18]} 0-1

[Event "World Senior chT-65 2019"]
[Site "Rhodes"]
[Date "2019.04.23"]
[Round "8.34"]
[White "Thornton, John D"]
[Black "Carlsten, Peter"]
[Result "1/2-1/2"]
[WhiteElo "2061"]
[BlackElo "2002"]
[Annotator "NA RC"]
[PlyCount "30"]
[EventDate "2019.04.16"]
[EventType "team-tourn"]
[EventCountry "GRE"]
[SourceTitle "playchess.com"]
[Source "ChessBase"]
[SourceQuality "1"]
[WhiteTeam "Wales"]
[BlackTeam "Sweden"]
[WhiteTeamCountry "WLS"]
[BlackTeamCountry "SWE"]
[TimeControl "40/5400+30:1800+30"]

1. e4 {[%emt 0:00:00]} d6 {[%emt 0:00:00]} 2. d4 {[%emt 0:00:00]} Nf6 {[%emt 0:00:00]} 3. Nc3 {[%emt 0:00:04]} e5 {[%emt 0:00:00]} 4. Nf3 {[%emt 0:01:16]} Nbd7 {[%emt 0:00:05]} 5. Bc4 {[%emt 0:00:12]} Be7 {[%emt 0:00:12]} 6. O-O {[%emt 0:00:15]} O-O {[%emt 0:00:14]} 7. a4 {[%emt 0:00:20]} a5 {[%emt 0:05:39]} 8. Re1 {[%emt 0:04:32]} c6 {[%emt 0:01:06]} 9. Bb3 {[%emt 0:03:34]} exd4 {[%emt 0:00:44]} 10. Qxd4 {[%emt 0:09:05]} Nc5 {[%emt 0:00:43]} 11. Bc4 {[%emt 0:01:21]} Be6 {[%emt 0:04:54]} 12. Bxe6 {[%emt 0:08:50]} Nxe6 {[%emt 0:01:30]} 13. Qd2 {[%emt 0:02:46]} Re8 {[%emt 0:04:05]} 14. b3 {[%emt 0:01:35]} Qc7 {[%emt 0:00:31]} 15. Bb2 {[%emt 0:06:25]} Rad8 {[%emt 0:06:52]} 1/2-1/2